[Event "12. Lichtenberger Sommer"]
[Site "Berlin"]
[Date "2013.08.25"]
[Round "9.9"]
[White "Von Herman, Ulf"]
[Black "Kropman, Alexei"]
[Result "1-0"]
[WhiteElo "2392"]
[BlackElo "2085"]
[PlyCount "83"]
[EventDate "2013.??.??"]
[WhiteTeam "SK König Tegel 1949 e.V."]
[BlackTeam "SK König Tegel 1949 e.V."]

1. d4 d5 2. c4 e6 3. Nc3 Be7 4. cxd5 exd5 5. Bf4 c6 6. e3 Bf5 7. g4 Be6 8. Bd3
h6 9. h3 Nf6 10. Qc2 Qa5 11. Nge2 Na6 12. Qd1 Nb4 13. Bb1 Ne4 14. a3 Nxc3 15.
Nxc3 Na6 16. Bd3 Nb8 17. Bc2 Nd7 18. Kf1 a6 19. Kg2 Qd8 20. b4 Nb6 21. Na4 Nxa4
22. Bxa4 Qd7 23. Be5 O-O 24. Bc2 Bd6 25. Qd3 f5 26. f4 Bxe5 27. fxe5 Rf7 28.
Raf1 g6 29. Rf4 Qe7 30. Kg3 h5 31. Qe2 h4+ 32. Kh2 fxg4 33. hxg4 Raf8 34. Rhf1
g5 35. Rf5 Bxf5 36. gxf5 g4 37. f6 g3+ 38. Kh3 Rxf6 39. Qg4+ Qg7 40. exf6 Qxg4+
41. Kxg4 g2 42. Rg1 1-0

[Event "12. Lichtenberger Sommer"]
[Site "Berlin"]
[Date "2013.08.25"]
[Round "9.10"]
[White "Petersen, Soren Boeck"]
[Black "Schmidt, Martin"]
[Result "1-0"]
[WhiteElo "2247"]
[BlackElo "2061"]
[PlyCount "51"]
[EventDate "2013.??.??"]
[WhiteTeam "Damhus Skakklub"]
[BlackTeam "SC Borussia Friedrichsfelde 1920"]

1. e4 e5 2. Nf3 Nc6 3. d4 exd4 4. Nxd4 Nf6 5. Nxc6 bxc6 6. e5 Qe7 7. Qe2 Nd5 8.
c4 Ba6 9. b3 g6 10. f4 Bg7 11. Qf2 Nf6 12. Be2 Ne4 13. Qf3 f5 14. Nd2 Nxd2 15.
Bxd2 O-O 16. O-O Bb7 17. Rad1 d6 18. Bb4 Rad8 19. Rfe1 Ba8 20. c5 dxe5 21. Bc4+
Kh8 22. Rxd8 Rxd8 23. fxe5 Bxe5 24. Rxe5 Qxe5 25. Bc3 Rd4 26. Qd3 1-0

[Event "12. Lichtenberger Sommer"]
[Site "Berlin"]
[Date "2013.08.25"]
[Round "9.12"]
[White "Vogel, Robert"]
[Black "Hertwig, Christopher"]
[Result "0-1"]
[WhiteElo "2256"]
[BlackElo "2052"]
[PlyCount "62"]
[EventDate "2013.??.??"]
[WhiteTeam "SG Pang-Rosenheim 1910 e.V."]
[BlackTeam "SK König Tegel 1949 e.V."]

1. d4 Nf6 2. c4 g6 3. Nc3 d5 4. Nf3 Bg7 5. cxd5 Nxd5 6. Bg5 Nxc3 7. bxc3 c5 8.
Qd2 Qa5 9. e3 Nc6 10. Rc1 O-O 11. Be2 Bf5 12. O-O h6 13. Bh4 g5 14. Bg3 Rad8
15. Qb2 cxd4 16. cxd4 Be4 17. h4 g4 18. Nd2 Nxd4 19. exd4 Bxd4 20. Nb3 Bxb2 21.
Nxa5 Bxc1 22. Rxc1 Rc8 23. Re1 Bd5 24. Bxg4 f5 25. Bh3 Bxa2 26. Nxb7 Bd5 27.
Na5 Rc5 28. Rxe7 f4 29. Rxa7 fxg3 30. fxg3 Rf6 31. Bg4 Rc1+ 0-1

[Event "12. Lichtenberger Sommer"]
[Site "Berlin"]
[Date "2013.08.25"]
[Round "9.15"]
[White "Hörmann, David"]
[Black "Lerch, Philipp"]
[Result "1-0"]
[WhiteElo "1907"]
[BlackElo "2152"]
[PlyCount "117"]
[EventDate "2013.??.??"]
[WhiteTeam "SC Weisse Dame e.V."]
[BlackTeam "SK König Tegel 1949 e.V."]

1. e4 c6 2. d4 d5 3. Nc3 dxe4 4. Nxe4 Bf5 5. Ng3 Bg6 6. Nf3 Nd7 7. Bc4 e6 8.
O-O Bd6 9. Re1 Qc7 10. c3 Ngf6 11. Qe2 O-O-O 12. Bb3 Nh5 13. Ne5 Nxg3 14. hxg3
Bxe5 15. dxe5 h6 16. Bf4 Nb6 17. Rad1 Rxd1 18. Rxd1 Rd8 19. g4 Rxd1+ 20. Qxd1
Be4 21. Qd4 Bh7 22. Qc5 Qd8 23. a4 Kb8 24. Be3 Nc8 25. a5 Be4 26. f3 Bd3 27.
Qd4 Qxd4 28. Bxd4 b6 29. axb6 axb6 30. Kf2 c5 31. Be3 Kc7 32. Ba4 b5 33. Bd1
Kc6 34. b4 cxb4 35. cxb4 Ne7 36. Bc5 Ng6 37. f4 Nxf4 38. Ke3 g5 39. Bf3+ Kd7
40. g3 Ng6 41. Kxd3 Nxe5+ 42. Ke3 f5 43. gxf5 exf5 44. Bh5 Ke6 45. Be8 Kd5 46.
Bxb5 h5 47. Be2 h4 48. gxh4 f4+ 49. Kf2 gxh4 50. Kg2 Ke4 51. Kh3 f3 52. Bf1 Ng6
53. Bf2 Ne5 54. Kxh4 Nc6 55. b5 Na5 56. Kg3 Nb7 57. Bh3 Nd6 58. b6 Kd5 59. Bd7
1-0

[Event "12. Lichtenberger Sommer"]
[Site "Berlin"]
[Date "2013.08.25"]
[Round "9.15"]
[White "Hörmann, David"]
[Black "Lerch, Philipp"]
[Result "1-0"]
[WhiteElo "1907"]
[BlackElo "2152"]
[PlyCount "119"]
[EventDate "2013.??.??"]
[WhiteTeam "SC Weisse Dame e.V."]
[BlackTeam "SK König Tegel 1949 e.V."]

1. c4 Nf6 2. Nc3 d6 3. g3 c6 4. Bg2 g6 5. e4 Qc7 6. Nge2 Bg4 7. h3 Bxe2 8. Qxe2
Bg7 9. O-O O-O 10. d3 e5 11. f4 exf4 12. gxf4 Nbd7 13. Be3 Rae8 14. Qd2 a6 15.
Rac1 Nh5 16. f5 Ne5 17. b3 Qd8 18. d4 Nd7 19. Rcd1 Ng3 20. Rf3 Nxe4 21. Nxe4
Rxe4 22. fxg6 hxg6 23. Rxf7 Rxf7 24. Bxe4 Qh4 25. Bg2 Kh7 26. Bf2 Qh5 27. Re1
Qf5 28. Bg3 Qf6 29. Kh2 Qxd4 30. Qxd4 Bxd4 31. Bxd6 Nc5 32. Rd1 Be3 33. Be5 Ne6
34. Kg3 Bf4+ 35. Bxf4 Nxf4 36. Bf3 Kh6 37. Rd6 Nh5+ 38. Kf2 Nf6 39. Ke3 c5 40.
h4 Re7+ 41. Kd3 Ne8 42. Rb6 Rd7+ 43. Kc3 Nd6 44. b4 cxb4+ 45. Kxb4 a5+ 46. Kc5
Nf5 47. Bxb7 Nxh4 48. Kb5 Nf5 49. c5 Ne3 50. Be4 Rd4 51. Rxg6+ Kh5 52. Re6 Nc4
53. Bf3+ Kg5 54. Re4 Na3+ 55. Kxa5 Rd3 56. Be2 Rd2 57. Kb4 Kf5 58. Re8 Rxa2 59.
Kb3 Ra1 60. Kb2 1-0

[Event "12. Lichtenberger Sommer"]
[Site "Berlin"]
[Date "2013.08.25"]
[Round "9.16"]
[White "Hahlbohm, Matthias"]
[Black "Niehaus, Frank"]
[Result "0-1"]
[WhiteElo "2115"]
[BlackElo "2208"]
[PlyCount "92"]
[EventDate "2013.??.??"]
[WhiteTeam "TSG Oberschöneweide e.V."]
[BlackTeam "SK König Tegel 1949 e.V."]

1. e4 e5 2. Nf3 Nc6 3. Bc4 Bc5 4. b4 Bxb4 5. c3 Be7 6. d4 Na5 7. Nxe5 Nxc4 8.
Nxc4 d5 9. exd5 Qxd5 10. Ne3 Qa5 11. O-O Nf6 12. Re1 O-O 13. Qd3 Be6 14. Nd2
Rfe8 15. Nf3 Rad8 16. Bd2 c6 17. Qc2 Bd6 18. Rab1 Re7 19. c4 Qh5 20. Bb4 Bxb4
21. Rxb4 Bc8 22. Rb3 Ne4 23. Rd1 f5 24. Ra3 b6 25. Qb3 f4 26. Nf1 Kh8 27. h3
Rd6 28. Qc2 Rd8 29. Re1 Rde8 30. Ne5 Nf6 31. Rd1 c5 32. Nc6 Re2 33. Rd2 Bf5 34.
Qb2 Re1 35. d5 Rb1 36. Qxb1 Bxb1 37. d6 Bf5 38. Rxa7 Bd7 39. Rc7 h6 40. Ne7 Kh7
41. f3 Qe5 42. Nd5 Nxd5 43. Rxd5 Qe1 44. Rd2 Rd8 45. Rb7 Be6 46. Re7 Qe5 0-1

[Event "12. Lichtenberger Sommer"]
[Site "Berlin"]
[Date "2013.08.25"]
[Round "9.18"]
[White "Hermannsdörfer, Frank"]
[Black "Flick, Antoine"]
[Result "1/2-1/2"]
[WhiteElo "2228"]
[BlackElo "1954"]
[PlyCount "118"]
[EventDate "2013.??.??"]
[WhiteTeam "SV 1861 Liebschwitz"]
[BlackTeam "Philidor Mulhouse"]

1. b3 d5 2. e3 Nf6 3. Bb2 g6 4. c4 c6 5. Bxf6 exf6 6. cxd5 cxd5 7. Nf3 Nc6 8.
Nc3 Bf5 9. Bb5 a6 10. Bxc6+ bxc6 11. Nd4 Bd7 12. O-O Bd6 13. f4 h5 14. Nf3 Kf8
15. Rc1 Qe7 16. Na4 Rb8 17. Qc2 Ba3 18. Rce1 Re8 19. Nb6 Kg7 20. Nxd7 Qxd7 21.
Qd3 Qb7 22. Kh1 Re4 23. Nd4 Rb8 24. Ne2 Ree8 25. f5 Qb5 26. Qc2 Qb7 27. Nf4 Re4
28. Rf3 Bd6 29. Ref1 Bxf4 30. Rxf4 Rbe8 31. fxg6 Rxf4 32. Rxf4 fxg6 33. Qc3 Re5
34. Qa5 Re4 35. Rf1 Re7 36. Qc3 Re4 37. Rc1 Re6 38. Qc5 Kf7 39. Kg1 Ke8 40. Qd4
Ke7 41. Qf4 Kd7 42. Qh6 Qb4 43. Qg7+ Qe7 44. Qxg6 Rxe3 45. Qf5+ Qe6 46. Qf2 Re2
47. Qa7+ Kd8 48. Qb8+ Kd7 49. Qb7+ Kd8 50. Qb8+ Kd7 51. Qa7+ Kd8 52. Qb6+ Ke7
53. Rf1 Kf7 54. Qc7+ Kg6 55. Qf4 Qe5 56. Qb4 Qg5 57. Rf2 Re1+ 58. Rf1 Re2 59.
Rf2 Re1+ 1/2-1/2

[Event "12. Lichtenberger Sommer"]
[Site "Berlin"]
[Date "2013.08.25"]
[Round "9.19"]
[White "McGowan, Daniel"]
[Black "Martin, Julian"]
[Result "1/2-1/2"]
[WhiteElo "2116"]
[BlackElo "1888"]
[PlyCount "54"]
[EventDate "2013.??.??"]
[WhiteTeam "Sfrd. Berlin 1903 e.V."]
[BlackTeam "OSG Baden-Baden"]

1. e4 c5 2. Nf3 d6 3. c3 Nf6 4. h3 Nc6 5. Bd3 e6 6. Bc2 Be7 7. O-O O-O 8. d3
Qc7 9. Re1 b6 10. Nbd2 Rd8 11. Nf1 Ne5 12. Bf4 Bb7 13. Rc1 Ng6 14. Bh2 Rac8 15.
d4 cxd4 16. Nxd4 a6 17. Qe2 Qd7 18. Rcd1 Qe8 19. Nd2 b5 20. Bb3 Bf8 21. Bg3 Nd7
22. Rf1 Nc5 23. Bc2 e5 24. Nf5 Ne6 25. Bb3 Nc5 26. Bc2 Ne6 27. Bb3 Nc5 1/2-1/2

[Event "12. Lichtenberger Sommer"]
[Site "Berlin"]
[Date "2013.08.25"]
[Round "9.20"]
[White "Badestein, Hartmut"]
[Black "Rietze, Clemens"]
[Result "0-1"]
[WhiteElo "2083"]
[BlackElo "2273"]
[PlyCount "56"]
[EventDate "2013.??.??"]
[WhiteTeam "SC Friesen Lichtenberg e.V."]
[BlackTeam "USV Potsdam e.V., Abt. Schach"]

1. e4 e5 2. Nf3 Nc6 3. Bb5 a6 4. Ba4 Nge7 5. c3 g6 6. d4 exd4 7. cxd4 Bg7 8.
O-O b5 9. Bb3 O-O 10. Bg5 h6 11. Be3 d6 12. h3 Na5 13. Bc2 Nc4 14. Bc1 c5 15.
Nbd2 Nb6 16. d5 f5 17. Re1 Bd7 18. Nf1 fxe4 19. Bxe4 Bf5 20. Bxf5 Nxf5 21. Ne3
Nxe3 22. fxe3 Qf6 23. e4 Nc4 24. Rb1 Ne5 25. Rf1 Nxf3+ 26. Rxf3 Qh4 27. Rxf8+
Rxf8 28. Be3 Qxe4 0-1

[Event "12. Lichtenberger Sommer"]
[Site "Berlin"]
[Date "2013.08.25"]
[Round "9.21"]
[White "Krefenstein, Sergej"]
[Black "Sabrowski, Uwe"]
[Result "1/2-1/2"]
[WhiteElo "2101"]
[BlackElo "2114"]
[PlyCount "114"]
[EventDate "2013.??.??"]
[WhiteTeam "TuS Makkabi Berlin e.V."]
[BlackTeam "SC Friesen Lichtenberg e.V."]

1. e4 c5 2. Nf3 Nc6 3. d4 cxd4 4. Nxd4 Nf6 5. Nc3 e5 6. Ndb5 d6 7. Bg5 a6 8.
Na3 b5 9. Nd5 Be7 10. Bxf6 Bxf6 11. c3 Rb8 12. Nc2 Bg5 13. Qh5 O-O 14. Bd3 Bb7
15. a4 bxa4 16. Rxa4 a5 17. O-O Bc8 18. Rb1 Be6 19. Na3 g6 20. Qe2 Ne7 21.
Nxe7+ Bxe7 22. Nc4 f5 23. Nxa5 Bd7 24. Raa1 d5 25. exd5 Qc7 26. Nc4 e4 27. d6
Bxd6 28. Nxd6 Qxd6 29. Bc4+ Kh8 30. Rd1 Qc7 31. Rd4 Bc6 32. Qd2 f4 33. Rd6 Kg7
34. Qd4+ Kh6 35. Qe5 Rbc8 36. Be6 Rce8 37. h4 Rf5 38. Qd4 Rh5 39. Ra6 Bb7 40.
Rd7 Qe5 41. Qxe5 Rxe5 42. Rxb7 R8xe6 43. Rxe6 Rxe6 44. c4 e3 45. Kf1 Re4 46. c5
Rc4 47. fxe3 Rxc5 48. exf4 Rc4 49. g3 Rc2 50. Ke1 Rg2 51. Rb3 Kh5 52. Kd1 Kg4
53. Kc1 Rxg3 54. Rxg3+ Kxg3 55. Kd2 Kxf4 56. Kc3 Ke5 57. Kd3 h6 1/2-1/2

[Event "12. Lichtenberger Sommer"]
[Site "Berlin"]
[Date "2013.08.25"]
[Round "9.22"]
[White "Mohrmann, Ralf"]
[Black "Peschke, Uwe"]
[Result "1/2-1/2"]
[WhiteElo "1996"]
[BlackElo "2046"]
[PlyCount "87"]
[EventDate "2013.??.??"]
[WhiteTeam "SC Weisse Dame e.V."]
[BlackTeam "SC Empor Potsdam 1952 e.V."]

1. Nf3 Nf6 2. g3 g6 3. Bg2 Bg7 4. O-O d5 5. d3 O-O 6. Nbd2 c5 7. e4 Nc6 8. c3
dxe4 9. dxe4 Qc7 10. Qe2 e5 11. a4 b6 12. Nc4 Ba6 13. b3 Bxc4 14. bxc4 Rad8 15.
Nd2 Qd7 16. Re1 Qd3 17. Nf1 Qxe2 18. Rxe2 Rd1 19. Bf3 Na5 20. Rc2 Rd3 21. Be2
Rd6 22. f3 Nb3 23. Raa2 Nxc1 24. Rxc1 Bh6 25. Rb1 a5 26. Rab2 Nd7 27. Kf2 f5
28. exf5 gxf5 29. Ne3 Bxe3+ 30. Kxe3 Kf7 31. Rd1 Ke6 32. f4 Rg8 33. fxe5 Rxd1
34. Bxd1 Kxe5 35. Bf3 Rb8 36. Re2 Nf6 37. Kd3+ Kd6 38. Bg2 h5 39. Rf2 Ke5 40.
Re2+ Kd6 41. Rf2 Ke5 42. Bd5 Rd8 43. Re2+ Ne4 44. Kc2 1/2-1/2

[Event "12. Lichtenberger Sommer"]
[Site "Berlin"]
[Date "2013.08.25"]
[Round "9.23"]
[White "Jaeger, Andre"]
[Black "Mahn, Franko"]
[Result "0-1"]
[WhiteElo "2005"]
[BlackElo "2172"]
[PlyCount "66"]
[EventDate "2013.??.??"]
[WhiteTeam "SC Rochade e.V."]
[BlackTeam "SC Weisse Dame e.V."]

1. d4 c5 2. d5 Nf6 3. Nc3 d6 4. e4 g6 5. Be2 Bg7 6. h3 O-O 7. Nf3 Na6 8. O-O
Nc7 9. a4 b6 10. Nd2 a6 11. f4 Rb8 12. Nc4 b5 13. Na5 Bd7 14. e5 Nfe8 15. axb5
axb5 16. Be3 dxe5 17. Bxc5 Nd6 18. Nc6 Bxc6 19. dxc6 exf4 20. Ba7 Ra8 21. Bb6
Qb8 22. Bxc7 Rxa1 23. Qxa1 Qxc7 24. Nd5 Qd8 25. Rd1 e6 26. Nxf4 Qb6+ 27. Kh1
Qxc6 28. Qa5 Nc4 29. Bxc4 Qxc4 30. Qd2 Bh6 31. g3 e5 32. b3 Qc8 33. Nxg6 Qxh3+
0-1

[Event "12. Lichtenberger Sommer"]
[Site "Berlin"]
[Date "2013.08.25"]
[Round "9.24"]
[White "Stark, Ingo"]
[Black "Shapiro, Yosip"]
[Result "0-1"]
[WhiteElo "2134"]
[BlackElo "2112"]
[PlyCount "90"]
[EventDate "2013.??.??"]
[WhiteTeam "TSG Oberschöneweide e.V."]
[BlackTeam "SV Berolina Mitte e.V."]

1. e4 c6 2. Nc3 d5 3. Nf3 Bg4 4. h3 Bxf3 5. Qxf3 e6 6. d3 Nd7 7. g4 Bb4 8. Bd2
d4 9. Nb1 Bd6 10. Bg2 Ne7 11. h4 Ne5 12. Qg3 Nc4 13. f4 Nxb2 14. a4 b5 15. axb5
cxb5 16. e5 Bc5 17. Ba5 Qc8 18. Bxa8 Qxa8 19. O-O Nd5 20. Qf3 O-O 21. g5 Na4
22. Nd2 Bb4 23. Bxb4 Nxb4 24. Rab1 a5 25. Ne4 Nc3 26. Nxc3 Qxf3 27. Rxf3 dxc3
28. Rb3 Nxc2 29. Rxc3 Nd4 30. Rf2 Rb8 31. Rb2 h6 32. gxh6 gxh6 33. Rc7 b4 34.
Ra7 Rb5 35. h5 Kf8 36. Rd7 Nc6 37. Rc2 b3 38. Rxc6 b2 39. Rc8+ Kg7 40. Rdd8
b1=Q+ 41. Kf2 Rb2+ 42. Ke3 Qg1+ 43. Kf3 Qg2+ 44. Ke3 Qf2+ 45. Ke4 Re2# 0-1

[Event "12. Lichtenberger Sommer"]
[Site "Berlin"]
[Date "2013.08.25"]
[Round "9.25"]
[White "Cusnariov, Nikolai"]
[Black "Cvetanovic, Damjan"]
[Result "0-1"]
[WhiteElo "2154"]
[BlackElo "1937"]
[PlyCount "78"]
[EventDate "2013.??.??"]
[WhiteTeam "USV Potsdam e.V., Abt. Schach"]
[BlackTeam "Promocija Novi-Sad"]

1. d4 Nf6 2. Nf3 c5 3. d5 d6 4. c4 b5 5. cxb5 a6 6. bxa6 Bxa6 7. Nc3 g6 8. e4
Bxf1 9. Kxf1 Bg7 10. g3 O-O 11. Kg2 Nbd7 12. h3 Qb6 13. Qc2 Rfb8 14. Re1 Ne8
15. Nd2 Nc7 16. f4 Nb5 17. Nxb5 Qxb5 18. a4 Qa5 19. Ra2 Rb4 20. b3 c4 21. Re3
cxb3 22. Nxb3 Qa6 23. a5 Rc8 24. Qd1 Nc5 25. Nxc5 Rxc5 26. Bd2 Rb2 27. Rxb2
Bxb2 28. Qb1 Bd4 29. Qd3 Rc4 30. Re1 Qc8 31. Rb1 Ba7 32. Rb2 Qc5 33. Be3 Qxe3
34. Qxc4 Bd4 35. Re2 Qg1+ 36. Kf3 Qf1+ 37. Kg4 h5+ 38. Kg5 Bf6+ 39. Kh6 Qxh3
0-1

[Event "12. Lichtenberger Sommer"]
[Site "Berlin"]
[Date "2013.08.25"]
[Round "9.27"]
[White "Lassan, Christian"]
[Black "Merz, Rüdiger"]
[Result "1-0"]
[WhiteElo "2102"]
[BlackElo "1900"]
[PlyCount "37"]
[EventDate "2013.??.??"]
[WhiteTeam "BSV 63 Chemie Weißensee"]
[BlackTeam "SK Zehlendorf e.V."]

1. e4 c5 2. Nf3 d6 3. c3 Nf6 4. Be2 Nc6 5. d4 cxd4 6. cxd4 Nxe4 7. d5 Qa5+ 8.
Nc3 Nxc3 9. bxc3 Ne5 10. Nxe5 Qxc3+ 11. Bd2 Qxe5 12. O-O Qxd5 13. Rb1 e5 14.
Bb5+ Bd7 15. Bxd7+ Kxd7 16. Qg4+ Ke8 17. Rfc1 Qxd2 18. Rc7 Rd8 19. Qa4+ 1-0

[Event "12. Lichtenberger Sommer"]
[Site "Berlin"]
[Date "2013.08.25"]
[Round "9.29"]
[White "Godoj, Veit"]
[Black "Bertram, Johannes"]
[Result "0-1"]
[WhiteElo "2045"]
[BlackElo "1971"]
[PlyCount "74"]
[EventDate "2013.??.??"]
[WhiteTeam "SV Königsjäger Süd-West e.V."]
[BlackTeam "Europchess"]

1. e4 e6 2. d4 d5 3. Nc3 Bb4 4. exd5 Qxd5 5. Nf3 Ne7 6. Bd3 Bd7 7. O-O Bxc3 8.
bxc3 Bb5 9. Rb1 Bxd3 10. cxd3 b6 11. c4 Qd8 12. Rb5 Nf5 13. Rxf5 exf5 14. Ba3
f6 15. Re1+ Kf7 16. Nh4 g6 17. Nxf5 Re8 18. Be7 Qd7 19. Nh6+ Kg7 20. Bxf6+ Kxf6
21. Qf3+ Kg7 22. Re3 Rxe3 23. fxe3 Nc6 24. Ng4 Rf8 25. Qg3 Qf5 26. h3 Rf7 27.
d5 Nb4 28. Ne5 Re7 29. d4 Nxa2 30. Nc6 Rf7 31. Ne5 Nc3 32. Qe1 Qb1 33. Qxb1
Nxb1 34. Nxf7 Kxf7 35. Kf2 Nd2 36. c5 bxc5 37. dxc5 Ne4+ 0-1

[Event "12. Lichtenberger Sommer"]
[Site "Berlin"]
[Date "2013.08.25"]
[Round "9.30"]
[White "Guenther, Thomas"]
[Black "Eichler, Jan-Christoph"]
[Result "1/2-1/2"]
[WhiteElo "2088"]
[BlackElo "2012"]
[PlyCount "94"]
[EventDate "2013.??.??"]
[WhiteTeam "SV Senat"]
[BlackTeam "Schachclub Oranienburg e.V."]

1. d4 Nf6 2. Nf3 g6 3. c4 Bg7 4. Nc3 d5 5. Bg5 Ne4 6. Bf4 Nxc3 7. bxc3 dxc4 8.
Qa4+ Nd7 9. Qxc4 c5 10. e4 Qa5 11. Bd2 O-O 12. g3 Nf6 13. Qe2 cxd4 14. cxd4 Qa4
15. e5 Nd5 16. Qc4 Qxc4 17. Bxc4 Nb6 18. Bb3 Bg4 19. Ng5 h6 20. f3 Bf5 21. Ne4
Rfd8 22. Be3 Rac8 23. O-O Nc4 24. Bxc4 Rxc4 25. Rfc1 Rdc8 26. Rxc4 Rxc4 27. Rc1
Rxc1+ 28. Bxc1 Be6 29. Nc3 Bc4 30. f4 b5 31. a3 e6 32. Ne4 Bf8 33. Nc5 h5 34.
Kf2 Be7 35. Na6 Bd8 36. Nb4 Bb6 37. Ke3 Kf8 38. Bd2 Ke8 39. Na6 Bd5 40. Nc5 a5
41. Ne4 Kf8 42. Nc5 Bc6 43. Nb3 a4 44. Nc1 Ke8 45. Nd3 Kd7 46. Bb4 Bd5 47. Nf2
Bd8 1/2-1/2

[Event "12. Lichtenberger Sommer"]
[Site "Berlin"]
[Date "2013.08.25"]
[Round "9.31"]
[White "Nötzel, Felix"]
[Black "Sappok, Marius"]
[Result "1/2-1/2"]
[WhiteElo "2076"]
[BlackElo "1971"]
[PlyCount "66"]
[EventDate "2013.??.??"]
[WhiteTeam "Sfrd. Berlin 1903 e.V."]
[BlackTeam "SC Zugzwang 95 e.V."]

1. e4 e5 2. Nf3 Nc6 3. Bc4 Bc5 4. b4 Bxb4 5. c3 Be7 6. d4 Na5 7. Bd3 d6 8. O-O
Nf6 9. Qa4+ c6 10. Ba3 b5 11. Qc2 O-O 12. Bxd6 Bxd6 13. dxe5 Bxe5 14. Nxe5 Qe7
15. Nf3 Nc4 16. Bxc4 bxc4 17. Nbd2 Bg4 18. Rfe1 Bxf3 19. Nxf3 Nd7 20. Qa4 Qc5
21. Rad1 Nb6 22. Qc2 Rad8 23. Nd4 Rfe8 24. Re3 Qh5 25. Rde1 c5 26. Nf5 Rd3 27.
Ng3 Rxe3 28. Rxe3 Qg4 29. h3 Qe6 30. Qd2 Qd7 31. Qxd7 Nxd7 32. f4 Nf6 33. Kf2
Rd8 1/2-1/2

[Event "12. Lichtenberger Sommer"]
[Site "Berlin"]
[Date "2013.08.25"]
[Round "9.32"]
[White "Penner, Markus"]
[Black "Barwich, Andreas"]
[Result "1/2-1/2"]
[WhiteElo "2026"]
[BlackElo "1935"]
[PlyCount "89"]
[EventDate "2013.??.??"]
[WhiteTeam "SK Zehlendorf e.V."]
[BlackTeam "SV Berolina Mitte e.V."]

1. e4 c5 2. c3 e6 3. Nf3 d5 4. exd5 exd5 5. d4 Nc6 6. Bb5 Bd6 7. dxc5 Bxc5 8.
O-O Nge7 9. Nbd2 O-O 10. Nb3 Bb6 11. Bf4 Be6 12. Bd3 Ng6 13. Bg3 Qf6 14. Nbd4
Nxd4 15. Nxd4 Bxd4 16. cxd4 Qxd4 17. Bxg6 Qxd1 18. Bxh7+ Kxh7 19. Rfxd1 Rac8
20. Rac1 g5 21. Be5 Rxc1 22. Rxc1 Rc8 23. Rxc8 Bxc8 24. f4 g4 25. Kf2 Kg6 26.
Ke3 Kf5 27. h4 Be6 28. g3 a5 29. Kd4 Bd7 30. a3 Bc6 31. Kc5 a4 32. Kd6 Kg6 33.
Bd4 f5 34. Ke6 Be8 35. h5+ Kxh5 36. Kxf5 Bd7+ 37. Kf6 Kh6 38. f5 Bc8 39. Be3+
Kh5 40. Ke5 Bd7 41. f6 Kg6 42. Bd4 Kf7 43. Kxd5 Be6+ 44. Kd6 b5 45. Kc5 1/2-1/2

[Event "12. Lichtenberger Sommer"]
[Site "Berlin"]
[Date "2013.08.25"]
[Round "9.33"]
[White "Krajewski, Wolfgang"]
[Black "Schleich, Theodor"]
[Result "1-0"]
[WhiteElo "2073"]
[BlackElo "2051"]
[PlyCount "67"]
[EventDate "2013.??.??"]
[WhiteTeam "SK Zehlendorf e.V."]
[BlackTeam "SK Siemens München"]

1. d4 e6 2. c4 b6 3. e4 Bb7 4. Nc3 Bb4 5. Qc2 Qh4 6. d5 Nf6 7. Bd3 Na6 8. Nf3
Qg4 9. O-O Nc5 10. Nb5 Kd8 11. h3 Qh5 12. Bf4 d6 13. a3 Nxd3 14. Qxd3 a6 15.
Nxc7 Kxc7 16. axb4 e5 17. Be3 g5 18. Rfc1 g4 19. hxg4 Qxg4 20. c5 Rhg8 21.
cxd6+ Kxd6 22. g3 Qxe4 23. Qxe4 Nxe4 24. Bxb6 Bxd5 25. Bc7+ Ke6 26. Nxe5 Nd2
27. Rd1 f6 28. Rxd2 fxe5 29. Ra5 Bc4 30. Rxe5+ Kf6 31. Rc5 Bb5 32. Be5+ Kf5 33.
Bf4+ Ke4 34. Kg2 1-0

[Event "12. Lichtenberger Sommer"]
[Site "Berlin"]
[Date "2013.08.25"]
[Round "9.35"]
[White "Höckendorf, Hartmut"]
[Black "Schmidt, Jürgen"]
[Result "1-0"]
[WhiteElo "2194"]
[BlackElo "2024"]
[PlyCount "63"]
[EventDate "2013.??.??"]
[WhiteTeam "BSG Pneumant Fürstenwalde e.V."]
[BlackTeam "SC Kreuzberg e.V."]

1. e4 e5 2. Nc3 Nf6 3. g3 Nc6 4. Bg2 Bc5 5. h3 O-O 6. Nge2 d6 7. O-O a6 8. Kh2
b5 9. a3 Rb8 10. d3 h6 11. f4 a5 12. Nd5 Nxd5 13. exd5 Ne7 14. Nc3 f5 15. a4 b4
16. Nb5 Bb6 17. c4 bxc3 18. bxc3 Bb7 19. fxe5 dxe5 20. Ba3 Rf7 21. c4 Bd4 22.
Rb1 Nc8 23. Nxd4 exd4 24. Rf4 Nb6 25. Rxd4 Nd7 26. Rf4 Ba8 27. Rxb8 Qxb8 28.
Qe1 g5 29. Rf2 Qb6 30. Qe8+ Kg7 31. c5 Qb3 32. Bb2+ 1-0

[Event "12. Lichtenberger Sommer"]
[Site "Berlin"]
[Date "2013.08.25"]
[Round "9.36"]
[White "Khorolskyi, Borys"]
[Black "Schmidek, Emil"]
[Result "0-1"]
[WhiteElo "2100"]
[BlackElo "1931"]
[PlyCount "42"]
[EventDate "2013.??.??"]
[WhiteTeam "vereinslos"]
[BlackTeam "TuS Makkabi Berlin e.V."]

1. Nf3 Nf6 2. g3 g6 3. Bg2 Bg7 4. O-O O-O 5. d4 d6 6. c4 Nbd7 7. b3 e5 8. dxe5
Ng4 9. Bb2 Ngxe5 10. Nxe5 Nxe5 11. Qc2 c6 12. f4 Ng4 13. Bxg7 Kxg7 14. h3 Ne3
15. Qc3+ Qf6 16. Qxf6+ Kxf6 17. Rc1 Bf5 18. Nc3 h5 19. Kf2 Rfe8 20. Nd1 Nxg2
21. Kxg2 Rxe2+ 0-1

[Event "12. Lichtenberger Sommer"]
[Site "Berlin"]
[Date "2013.08.25"]
[Round "9.37"]
[White "Stiemerling, Wilfried"]
[Black "Pronobis, Wiktor"]
[Result "1-0"]
[WhiteElo "2158"]
[BlackElo "1892"]
[PlyCount "161"]
[EventDate "2013.??.??"]
[WhiteTeam "BSG Pneumant Fürstenwalde e.V."]
[BlackTeam "SC Weisse Dame e.V."]

1. d4 d5 2. Nf3 Nf6 3. c4 e6 4. Nc3 c6 5. e3 Nbd7 6. Qc2 Bd6 7. b3 O-O 8. Be2
Qe7 9. O-O dxc4 10. bxc4 e5 11. Rd1 e4 12. Nd2 Re8 13. Nf1 Nf8 14. a4 Ng6 15.
Qb3 Bb8 16. Ba3 Qe6 17. d5 Qe5 18. d6 c5 19. Bb2 Qe6 20. Nb5 a6 21. Nc7 Bxc7
22. dxc7 Qc6 23. Bxf6 Qxf6 24. a5 Ne5 25. Rab1 h5 26. Ng3 Nd7 27. Nxh5 Qc6 28.
Qc3 f6 29. Nf4 Qxc7 30. Nd5 Qc6 31. Bh5 Re6 32. Nb6 Rb8 33. Bg4 Re7 34. Nd5 Re8
35. Bxd7 Bxd7 36. Rb6 Qc8 37. Rd6 Be6 38. Nb6 Qc7 39. Nd5 Bxd5 40. R6xd5 Rbd8
41. Qd2 Rxd5 42. Qxd5+ Kf8 43. Qd6+ Qxd6 44. Rxd6 Ke7 45. Rb6 Rb8 46. h4 Kd7
47. g4 Kc7 48. Kg2 Re8 49. Kg3 Re7 50. Kf4 Kc8 51. Kf5 Kc7 52. h5 Kc8 53. Rd6
Kc7 54. Rb6 Kc8 55. Kg6 Kc7 56. h6 gxh6 57. Kxh6 Re5 58. Rxf6 b5 59. Rxa6 bxc4
60. Rb6 Rd5 61. Rb2 Rd6+ 62. Kg5 Kc6 63. Kf4 c3 64. Rc2 Rd2 65. Rxc3 Rxf2+ 66.
Kxe4 Ra2 67. g5 Rxa5 68. Ke5 Ra2 69. g6 Rg2 70. Kf6 Kd5 71. g7 Rf2+ 72. Ke7 Rg2
73. Kf8 Rf2+ 74. Kg8 c4 75. Rc1 Rg2 76. e4+ Kd4 77. e5 Kxe5 78. Rxc4 Kf6 79.
Rf4+ Kg5 80. Rf1 Kh6 81. Kh8 1-0

[Event "12. Lichtenberger Sommer"]
[Site "Berlin"]
[Date "2013.08.25"]
[Round "9.38"]
[White "Heuser, Philip"]
[Black "Rauhut, Frank"]
[Result "1-0"]
[WhiteElo "2123"]
[BlackElo "1993"]
[PlyCount "89"]
[EventDate "2013.??.??"]
[WhiteTeam "SG Heidelberg-Kirchheim"]
[BlackTeam "SV Jenapharm Jena"]

1. d4 Nf6 2. c4 d6 3. Nf3 Nbd7 4. Nc3 e5 5. g3 Be7 6. Bg2 c6 7. e4 Qc7 8. O-O
Nf8 9. h3 Ng6 10. Be3 Bd7 11. Qc2 Qc8 12. Kh2 h5 13. Rh1 h4 14. g4 exd4 15.
Nxd4 Ne5 16. Qe2 Qc7 17. f4 Bxg4 18. hxg4 Nfxg4+ 19. Kg1 Nxe3 20. Qxe3 Nxc4 21.
Qe2 d5 22. exd5 Qxf4 23. Qxc4 Qe3+ 24. Kf1 h3 25. Bf3 c5 26. Re1 Qxd4 27. Qxd4
cxd4 28. d6 dxc3 29. Rxe7+ Kf8 30. bxc3 Rh6 31. Rxb7 Rxd6 32. Rxh3 Kg8 33. c4
Rf6 34. Ke2 Re8+ 35. Kd3 Ra6 36. Kd4 Rxa2 37. Bd5 Rf2 38. Rxa7 Rd8 39. Ra8 Rd2+
40. Rd3 Rxd3+ 41. Kxd3 Rxa8 42. Bxa8 Kf8 43. Kd4 Ke7 44. Kc5 f5 45. Kb6 1-0